000 00549nam a22002057a 4500
003 IT-MiCISF
005 20260114112727.0
008 260109b |||||||| |||| 00| 0 eng d
040 _cIT-MiCISF
041 _ait
100 _aPrisciandaro Vittoria
_960239
245 _aTorvaianica.
_bL'accoglienza delle persone transessuali
250 _a"Jesus", n. 5, maggio
260 _c2025
300 _app. 42-47
500 _atransessualità, chiesa, chiesa-locale, esperienze
650 _aPastorale
654 _aarticolo
942 _2ddc
_cCR
999 _c360701
_d360701